| 000 | 00659nam a2200229 a 4500 | ||
|---|---|---|---|
| 001 | 3718835 | ||
| 003 | GBCCL | ||
| 005 | 20241126110409.0 | ||
| 008 | 810429s1981 tnu 000 0 eng | ||
| 010 | _a 80067460 | ||
| 020 | _a0805463259 (pbk.) | ||
| 040 |
_aDLC _cDLC _dDLC |
||
| 050 | 0 | 0 |
_aBV2073 _b.S65 |
| 082 | 0 | 0 |
_a266 _219 _bSTA |
| 100 | 1 |
_aStarkes, M. Thomas. _93650 |
|
| 245 | 1 | 4 |
_aThe foundation for missions / _cM. Thomas Starkes. |
| 260 |
_aNashville, Tenn. : _bBroadman Press, _cc1981. |
||
| 300 |
_a192 p. ; _c21 cm. |
||
| 650 | 0 |
_aMissions _xBiblical teaching. _9481 |
|
| 906 |
_a7 _bcbc _corignew _d2 _eopcn _f19 _gy-gencatlg |
||
| 942 |
_2ddc _cBK _02 |
||
| 999 |
_c1763 _d1763 |
||